书目信息 |
| 题名: |
纳兰文·霞蔚
|
|
| 作者: | 尹小林 主编 ;纳兰性德 著 | |
| 分册: | ||
| 出版信息: | 北京 国际文化出版公司 2016 |
|
| 页数: | 382页 | |
| 开本: | 21cm | |
| 丛书名: | 纳兰性德全集 | |
| 单 册: | ||
| 中图分类: | I264.9 | |
| 科图分类: | ||
| 主题词: | 杂文集--za wen ji--中国--清前期 | |
| 电子资源: | ||
| ISBN: | 978-7-5125-0872-9 | |
| 000 | 01038nam0 22002651 450 | |
| 001 | 0119165312 | |
| 005 | 20170619165312.0 | |
| 010 | @a978-7-5125-0872-9@b精装@dCNY58.00 | |
| 100 | @a20161115d2016 em y0chiy50 ea | |
| 101 | 0 | @achi |
| 102 | @aCN@b110000 | |
| 105 | @ay z 000cy | |
| 106 | @ar | |
| 200 | 1 | @a纳兰文·霞蔚@9na lan wen xia wei@f尹小林主编@g纳兰性德著 |
| 210 | @a北京@c国际文化出版公司@d2016 | |
| 215 | @a382页@d21cm | |
| 225 | 2 | @a纳兰性德全集@9na lan xing de quan ji |
| 330 | @a本书收录了纳兰性德具有代表性的经解序123、序、记、书、书简、杂文,并由威专家对其做了精心注释。收录了《经解总序》、《同州王氏易学序》、《周易义海撮要序》、《吴氏易图说序》、《东谷郑先生易翼传序》、《名家绝句钞序》、《赋论》、《原诗》等文章。 | |
| 461 | 0 | @12001 @a纳兰性德全集 |
| 606 | 0 | @a杂文集@9za wen ji@y中国@z清前期 |
| 690 | @aI264.9@v5 | |
| 701 | 0 | @a尹小林@9yin xiao lin@c(文史)@4主编 |
| 702 | 0 | @c(清)@a纳兰性德@9na lan xing de@f(1655~1685)@4著 |
| 801 | 0 | @aCN@b百万庄@c20170616 |
| 905 | @b1011651-6@dI264.9@e2459@f6 | |
| 纳兰文·霞蔚/尹小林主编/纳兰性德著 .-北京:国际文化出版公司,2016 |
| 382页;21cm.-(纳兰性德全集) |
| ISBN 978-7-5125-0872-9(精装):CNY58.00 |
| 本书收录了纳兰性德具有代表性的经解序123、序、记、书、书简、杂文,并由威专家对其做了精心注释。收录了《经解总序》、《同州王氏易学序》、《周易义海撮要序》、《吴氏易图说序》、《东谷郑先生易翼传序》、《名家绝句钞序》、《赋论》、《原诗》等文章。 |
| ● |
| 相关链接 |
|
|
|
|
正题名:纳兰文·霞蔚
索取号:I264.9/2459
 
预约/预借
| 序号 | 登录号 | 条形码 | 馆藏地/架位号 | 状态 | 备注 |
| 1 | 1011651 | 210116514 | 第一样本阅览室/ [索取号:I264.9/2459] | 在馆 | |
| 2 | 1011652 | 210116523 | 教育系资料室/ [索取号:I264.9/2459] | 在馆 | |
| 3 | 1011653 | 210116532 | 教育系资料室/ [索取号:I264.9/2459] | 在馆 | |
| 4 | 1011654 | 210116541 | 教育系资料室/ [索取号:I264.9/2459] | 在馆 | |
| 5 | 1011655 | 210116550 | 第二借阅区/ [索取号:I264.9/2459] | 在馆 | |
| 6 | 1011656 | 210116569 | 第二借阅区/ [索取号:I264.9/2459] | 在馆 |